| 000 | 00950nac a22003017a 4500 | ||
|---|---|---|---|
| 001 | BR9803607 | ||
| 003 | BR-BrBNA | ||
| 005 | 20240105122033.0 | ||
| 008 | 230509b bl.|||m| |||| 00| 0 por d | ||
| 040 |
_aBR-BrBNA _bpor _cBiblioteca Nacional de Agricultura |
||
| 072 | _aL70; L02; L73 | ||
| 090 | _a5250 BR9803607 | ||
| 100 | 1 | _aSilva, M.U.D. e | |
| 100 | 1 | _aSilva, E.D.F. | |
| 110 | 1 |
_aCentro Nacional de Pesquisa de Caprinos, Sobral, CE (Brasil) _91759 |
|
| 245 | 1 | _aCuidados com o cabrito desde o nascimento ate o desmame | |
| 260 | 3 |
_aSobral, CE (Brasil): _c1983. |
|
| 300 | _a12 p. | ||
| 490 |
_aComunicado Tecnico - Centro Nacional de Pesquisa de Caprinos (Brazil) _vno. 9 _xISSN 0101-6059 |
||
| 650 | _aCabrito | ||
| 650 | _aDesmama | ||
| 650 | _aAleitamento | ||
| 650 | _aDoenca Animal | ||
| 650 | _aControle Integrado | ||
| 650 | _aProfilaxia | ||
| 909 |
_a202312 _bLúcia Elande _c55 _dLúcia Elande |
||
| 942 |
_2AGRIS _n0 _cMS |
||
| 999 |
_c288857 _d288857 |
||